Movies Quiz

Random Movies Quiz
Score 0/21 Timer 06:00
0 Plays Today
Question Answer % Correct
Who plays Charlie McKenzie?Mike Myers
88.6%
The film is set in what city?San Francisco
87.9%
How many times has Harriet already been married?3
87.1%
What year did the film come out?1993
79.5%
What is the nickname for Charlie's brother?Heed
79.5%
What other language does Harriet speak?Russian
78.8%
What type of meat does Charlie buy at the butcher shop?Haggis
77.3%
What name does Harriet scream in her sleep?Ralph
76.5%
What is the name of the song that is sung in 6 languages?Only You
70.5%
Charlie broke up with his ex-girlfriend Pam because she smelled like...?Soup
66.7%
What exercise product is Charlie using to tone up?Thigh Master
61.4%
Question Answer % Correct
What does Rose serve Charlie for breakfast because she didn't have 'those other things'?Froot Loops
59.8%
'My name is John Johnson, but everyone here calls me _______.'Vicki
57.6%
How often do you crave Colonel Sanders' chicken after he puts the addictive chemical in?Fortnightly
54.5%
The Weekly World News has the ____ highest circulation.8th
51.5%
Harriet's butcher shop is called?Meats of the World
43.2%
Where do Charlie and Harriet honeymoon?Poet's Corner
37.9%
Who plays Harriet Michaels?Nancy Travis
37.9%
Who is an undercover cop trying to look hip?Tony
36.4%
Whose juice diet does Charlie's mom use?Garth Brooks
29.5%
There is a secret society of the five wealthiest people in the world known as what?The Pentaverate
23.5%
Remove Ads.
Support Sporcle.
Get the best of Sporcle when you Go Orange. This ad-free experience offers more features, more stats, and more fun while also helping to support Sporcle. Thank you for becoming a member.

You're not logged in!

Compare scores with friends on all Sporcle quizzes.
OR
Log In

Show Comments

Extras

Created Oct 25, 2010ReportNominate
Tags:Comedy Movie, Married

Top Quizzes Today


Score Distribution

Your Account Isn't Verified!

In order to create a playlist on Sporcle, you need to verify the email address you used during registration. Go to your Sporcle Settings to finish the process.

Report this User

Report this user for behavior that violates our Community Guidelines.

Details: